[Event "42. Open Villa de Benasque 2023"]
[Site "Benasque ESP"]
[Date "2023.07.07"]
[Round "3.4"]
[White "Hovhannisyan, Robert"]
[Black "Carbonell Sancho, Marc"]
[Result "1/2-1/2"]
[WhiteElo "2607"]
[BlackElo "2285"]
[PlyCount "216"]
[EventDate "2023.07.05"]
[EventType "swiss"]
[EventRounds "10"]
[EventCountry "ESP"]
[SourceTitle "AjedrezenMadrid"]
[Source "lmi"]
[SourceDate "2023.07.05"]
[SourceVersion "1"]
[SourceVersionDate "2023.07.09"]
[SourceQuality "1"]

1. d4 Nf6 2. Nf3 g6 3. Nc3 d5 4. Bf4 Bg7 5. e3 O-O 6. Be2 c5 7. dxc5 Qa5 8. Nd2
Qxc5 9. O-O e6 10. Nb5 Ne8 11. c4 dxc4 12. Bxc4 a6 13. Nc3 b5 14. Be2 Bb7 15.
Nb3 Qb6 16. a4 Nc6 17. axb5 axb5 18. Rxa8 Bxa8 19. Nxb5 Bxb2 20. Qc2 Bg7 21.
Rb1 Nb4 22. Qc5 Nd5 23. Qxb6 Nxb6 24. Nc5 Nf6 25. h3 Nfd5 26. Bg3 Rc8 27. Ne4
Rc2 28. Bf3 Rb2 29. Rxb2 Bxb2 30. Bh4 Be5 31. Bd8 Nd7 32. Nd2 Bf6 33. Bxf6
N7xf6 34. Nc4 Bc6 35. Nbd6 Nd7 36. Na5 Ba8 37. Be2 Nc3 38. Bf1 Kf8 39. Nb5 Nxb5
40. Bxb5 Nf6 41. f3 Nd5 42. Kf2 Ke7 43. h4 h6 44. e4 Nc7 45. Ba4 Kd6 46. Nc4+
Ke7 47. e5 Bd5 48. Ne3 Ba2 49. Ng4 h5 50. Nf6 Nd5 51. Nxd5+ Bxd5 52. Bc2 Kf8
53. Ke3 Kg7 54. Kd4 Kh6 55. Bd1 Bb7 56. Kc5 Kg7 57. Kd6 Kf8 58. Be2 Bd5 59. Bd3
Bb3 60. Bf1 Ba2 61. Bb5 Bb3 62. Ba6 Ba2 63. Bf1 Bb3 64. Bd3 Bd5 65. Be2 Bb3 66.
g4 hxg4 67. fxg4 Bc2 68. Bf3 Bd3 69. Bd1 Be4 70. Be2 Bc2 71. Bf3 Bd3 72. h5
gxh5 73. gxh5 Bc2 74. Bg4 Bb1 75. h6 Bg6 76. Be2 Bc2 77. Bf3 Bb1 78. Bh5 Bc2
79. Be2 Bb1 80. Bd1 Bg6 81. Ba4 Bb1 82. Bb5 Bc2 83. Be2 Bg6 84. Bg4 Bc2 85. Bh3
Bb1 86. Bf1 Bc2 87. Bc4 Bb1 88. Bb5 Bg6 89. Be2 Bc2 90. Kc5 Kg8 91. Kd6 Kf8 92.
Bh5 Bb1 93. Kc5 Kg8 94. Kc6 Bc2 95. Kd6 Kf8 96. Bf3 Bb1 97. Bc6 Bc2 98. Kc5 Kg8
99. Be8 Bg6 100. Kd6 Kf8 101. Bd7 Bc2 102. Bxe6 fxe6 103. Kxe6 Ke8 104. Kf6 Bb1
105. e6 Bc2 106. Kg7 Ke7 107. h7 Bxh7 108. Kxh7 Kxe6 1/2-1/2

[Event "42. Open Villa de Benasque 2023"]
[Site "Benasque ESP"]
[Date "2023.07.07"]
[Round "3.5"]
[White "Fernández Estremera, Fernando"]
[Black "Puranik, Abhimanyu"]
[Result "0-1"]
[WhiteElo "2279"]
[BlackElo "2605"]
[PlyCount "50"]
[EventDate "2023.07.05"]
[EventType "swiss"]
[EventRounds "10"]
[EventCountry "ESP"]
[SourceTitle "AjedrezenMadrid"]
[Source "lmi"]
[SourceDate "2023.07.05"]
[SourceVersion "1"]
[SourceVersionDate "2023.07.09"]
[SourceQuality "1"]

1. d4 d5 2. Nc3 c5 3. e4 dxe4 4. d5 Nf6 5. Bg5 Nbd7 6. Qe2 g6 7. Nxe4 Nxe4 8.
Qxe4 h6 9. Be3 Bg7 10. O-O-O O-O 11. Nf3 Nf6 12. Qc4 b5 13. Qxc5 Bb7 14. d6
exd6 15. Qxd6 Qc8 16. Bd3 Ne4 17. Qb4 a5 18. Qxb5 Ba6 19. Qb3 Rb8 20. Bxe4 Rxb3
21. axb3 a4 22. Bd5 a3 23. bxa3 Qc3 24. Bd4 Bxd4 25. Nxd4 Qa1+ 0-1

[Event "42. Open Villa de Benasque 2023"]
[Site "Benasque ESP"]
[Date "2023.07.07"]
[Round "3.6"]
[White "Dardha, Daniel"]
[Black "López Del Alamo, Antonio"]
[Result "1-0"]
[WhiteElo "2600"]
[BlackElo "2280"]
[PlyCount "83"]
[EventDate "2023.07.05"]
[EventType "swiss"]
[EventRounds "10"]
[EventCountry "ESP"]
[SourceTitle "AjedrezenMadrid"]
[Source "lmi"]
[SourceDate "2023.07.05"]
[SourceVersion "1"]
[SourceVersionDate "2023.07.09"]
[SourceQuality "1"]

1. c4 Nf6 2. Nf3 b6 3. d4 Bb7 4. g3 e6 5. Bg2 Bb4+ 6. Nbd2 Qe7 7. O-O Bxd2 8.
Qxd2 d6 9. b4 a5 10. b5 Nbd7 11. a4 O-O 12. Ba3 Ne4 13. Qc2 f5 14. Rfc1 Ndf6
15. Ne5 Qe8 16. Nd3 Rb8 17. c5 Qd8 18. c6 Bc8 19. f3 Ng5 20. Qd2 Nf7 21. Re1
Re8 22. Rad1 e5 23. dxe5 Nxe5 24. Nxe5 Rxe5 25. Bb2 Re8 26. e4 fxe4 27. fxe4
Bg4 28. Rc1 Qe7 29. h3 Be6 30. e5 dxe5 31. Bxe5 Rbd8 32. Qb2 Nd5 33. Rcd1 Nb4
34. Rxd8 Rxd8 35. Bxc7 Qxc7 36. Rxe6 Qxg3 37. Qe2 h6 38. Re8+ Rxe8 39. Qxe8+
Kh7 40. Kh1 g6 41. Qe7+ Kh8 42. c7 1-0

[Event "42. Open Villa de Benasque 2023"]
[Site "Benasque ESP"]
[Date "2023.07.07"]
[Round "3.7"]
[White "Villuendas Valero, Adrián"]
[Black "Forcen Esteban, Daniel"]
[Result "0-1"]
[WhiteElo "2273"]
[BlackElo "2576"]
[PlyCount "110"]
[EventDate "2023.07.05"]
[EventType "swiss"]
[EventRounds "10"]
[EventCountry "ESP"]
[SourceTitle "AjedrezenMadrid"]
[Source "lmi"]
[SourceDate "2023.07.05"]
[SourceVersion "1"]
[SourceVersionDate "2023.07.09"]
[SourceQuality "1"]

1. d4 Nf6 2. Bg5 d5 3. e3 c5 4. Bxf6 gxf6 5. Nc3 Nc6 6. dxc5 e6 7. Qh5 Bxc5 8.
O-O-O Bb4 9. Nge2 Bd7 10. a3 Be7 11. e4 dxe4 12. Nxe4 Qc7 13. Qh6 Qe5 14. N2c3
f5 15. f4 Qb8 16. Ng3 Bf8 17. Qh4 Qd8 18. Qh3 Qb6 19. Nh5 O-O-O 20. Nf6 Bg7 21.
Nxd7 Rxd7 22. Rxd7 Kxd7 23. Bb5 Ke7 24. Bxc6 Qxc6 25. Rd1 Rc8 26. Rd3 Qc4 27.
Qf3 Rc6 28. g3 Bf6 29. Qd1 Ke8 30. Qf3 Rb6 31. Qe3 Kf8 32. b3 Qc6 33. Na4 Rb5
34. Qf3 Qc7 35. Qe3 Ra5 36. Kb1 Qe7 37. Ka2 b6 38. Qd2 Ke8 39. Qb4 Qc7 40. c4
Qc6 41. Rd2 Qh1 42. Nb2 Be7 43. Rd6 Qxh2 44. Qd2 Bxd6 45. Qxd6 Qxg3 46. Nd3
Qg2+ 47. Kb1 Qe4 48. Kb2 Qg2+ 49. Kb1 Qb7 50. Ne5 Rc5 51. Kb2 Rc8 52. Qd3 Qg2+
53. Kc3 Rd8 54. Qe3 Qa2 55. Qg3 Qd2# 0-1

[Event "42. Open Villa de Benasque 2023"]
[Site "Benasque ESP"]
[Date "2023.07.07"]
[Round "3.8"]
[White "Cheng, Bobby"]
[Black "Abrahamyan, Tatev"]
[Result "1-0"]
[WhiteElo "2572"]
[BlackElo "2271"]
[PlyCount "93"]
[EventDate "2023.07.05"]
[EventType "swiss"]
[EventRounds "10"]
[EventCountry "ESP"]
[SourceTitle "AjedrezenMadrid"]
[Source "lmi"]
[SourceDate "2023.07.05"]
[SourceVersion "1"]
[SourceVersionDate "2023.07.09"]
[SourceQuality "1"]

1. d4 Nf6 2. c4 e6 3. Nf3 d5 4. g3 dxc4 5. Bg2 a6 6. O-O Nc6 7. Nc3 Bd7 8. e4
Be7 9. Qe2 b5 10. Rd1 O-O 11. d5 exd5 12. e5 Re8 13. exf6 Bxf6 14. Qd2 Ne7 15.
Re1 c6 16. Qd1 Nf5 17. Rxe8+ Qxe8 18. g4 Nh4 19. Nxh4 Bxh4 20. Be3 Qe7 21. h3
Re8 22. Qd2 h6 23. Re1 Qe5 24. Rd1 Bg5 25. Bxg5 hxg5 26. Kf1 g6 27. Ne4 f6 28.
a4 Bc8 29. Ng3 b4 30. Qxb4 Be6 31. Re1 Qc7 32. Qc5 Kf7 33. Ne2 Qb7 34. Nd4 Bd7
35. Rb1 Re7 36. b4 Be8 37. b5 axb5 38. axb5 Kg7 39. Nxc6 Bxc6 40. Qxc6 Qa7 41.
Qxd5 c3 42. Qd3 Qa2 43. Rc1 Qb2 44. Qxc3 Qxb5+ 45. Kg1 Qb6 46. Bf3 Qa7 47. Kg2
1-0

[Event "42. Open Villa de Benasque 2023"]
[Site "Benasque ESP"]
[Date "2023.07.07"]
[Round "3.9"]
[White "Amador García, Ismael"]
[Black "Gopal, G.N.."]
[Result "0-1"]
[WhiteElo "2263"]
[BlackElo "2571"]
[PlyCount "88"]
[EventDate "2023.07.05"]
[EventType "swiss"]
[EventRounds "10"]
[EventCountry "ESP"]
[SourceTitle "AjedrezenMadrid"]
[Source "lmi"]
[SourceDate "2023.07.05"]
[SourceVersion "1"]
[SourceVersionDate "2023.07.09"]
[SourceQuality "1"]

1. e4 c5 2. Nf3 d6 3. Nc3 a6 4. g3 Bg4 5. Bg2 Nc6 6. d3 g6 7. Be3 Bg7 8. O-O
Nf6 9. a4 O-O 10. Qc1 Bxf3 11. Bxf3 Rb8 12. Ne2 Nd7 13. Bg2 b5 14. axb5 axb5
15. c3 b4 16. Qd1 bxc3 17. bxc3 Qb6 18. d4 Qb5 19. e5 cxd4 20. cxd4 dxe5 21.
Nc3 Qc4 22. Bd5 Qxc3 23. Rc1 Qa5 24. Bxc6 exd4 25. Bxd4 Bxd4 26. Qxd4 Nf6 27.
Rfe1 Rfd8 28. Qf4 Qa3 29. Bg2 Rbc8 30. Rxc8 Rxc8 31. Qe5 Rc1 32. Rxc1 Qxc1+ 33.
Bf1 Kf8 34. Qb8+ Kg7 35. Qe5 Qa3 36. Be2 Qd6 37. Qb2 h5 38. h4 e5 39. Qb7 Qd4
40. Qf3 Ng4 41. Kg2 Nf6 42. Bf1 Ne4 43. Bb5 Nxf2 44. Be8 Qa7 0-1

[Event "42. Open Villa de Benasque 2023"]
[Site "Benasque ESP"]
[Date "2023.07.07"]
[Round "3.10"]
[White "Peralta, Fernando"]
[Black "Vela Frago, Alberto"]
[Result "1-0"]
[WhiteElo "2568"]
[BlackElo "2259"]
[PlyCount "177"]
[EventDate "2023.07.05"]
[EventType "swiss"]
[EventRounds "10"]
[EventCountry "ESP"]
[SourceTitle "AjedrezenMadrid"]
[Source "lmi"]
[SourceDate "2023.07.05"]
[SourceVersion "1"]
[SourceVersionDate "2023.07.09"]
[SourceQuality "1"]

1. d4 Nf6 2. c4 e6 3. Nc3 Bb4 4. e3 O-O 5. Bd3 c5 6. Nf3 Nc6 7. O-O Bxc3 8.
bxc3 d6 9. Nd2 e5 10. Re1 Re8 11. d5 Ne7 12. e4 Ng6 13. g3 Bg4 14. f3 Bh3 15.
Rb1 Qd7 16. Nf1 Kh8 17. Ne3 Rg8 18. Rb2 Rae8 19. Kh1 Ne7 20. g4 Ng6 21. Rg1 Nf4
22. Rg3 h5 23. Nf5 g6 24. Nh6 h4 25. Nxg8 Nxg8 26. Rg1 g5 27. Bxf4 exf4 28. e5
Rxe5 29. Re2 Rxe2 30. Qxe2 Nf6 31. Bf5 Qc7 32. Re1 Kg7 33. Qe7 Qxe7 34. Rxe7
Kf8 35. Re1 b5 36. Bd3 bxc4 37. Bxc4 Nd7 38. Bd3 Nb6 39. c4 Nd7 40. Rc1 Ke7 41.
Rc3 Ne5 42. Be2 f5 43. gxf5 Bxf5 44. Kg2 h3+ 45. Kf2 a6 46. Rb3 Bc8 47. Rb8 Kd7
48. Rb1 Ke7 49. a4 Nf7 50. a5 Ne5 51. Rb8 Kd8 52. Rb6 Kc7 53. Rb1 Bf5 54. Rg1
Nf7 55. Ke1 Kd7 56. Kd2 Ke7 57. Ra1 Ne5 58. Ra3 Kd8 59. Rb3 Kc7 60. Rb6 g4 61.
fxg4 Bxg4 62. Bxg4 Nxg4 63. Rxa6 Nxh2 64. Ra7+ Kb8 65. Rh7 Nf3+ 66. Kc3 Ng5 67.
Rh4 f3 68. Kd3 Kb7 69. Ke3 Ka6 70. Rh5 Nf7 71. Rxh3 Kxa5 72. Rh5 Kb4 73. Rf5
Nd8 74. Rf8 Nb7 75. Rb8 Kxc4 76. Rxb7 Kxd5 77. Kxf3 Kc4 78. Ke3 d5 79. Kd2 Kd4
80. Rh7 Kc4 81. Rh4+ Kb3 82. Rh5 Kc4 83. Rh4+ Kb3 84. Kd3 Kb2 85. Rh8 c4+ 86.
Kd4 Kc2 87. Kxd5 c3 88. Kc4 Kb2 89. Rb8+ 1-0

[Event "42. Open Villa de Benasque 2023"]
[Site "Benasque ESP"]
[Date "2023.07.07"]
[Round "4.1"]
[White "Bu, Xiangzhi"]
[Black "Larkin, Vladyslav"]
[Result "1-0"]
[WhiteElo "2676"]
[BlackElo "2461"]
[PlyCount "79"]
[EventDate "2023.07.05"]
[EventType "swiss"]
[EventRounds "10"]
[EventCountry "ESP"]
[SourceTitle "AjedrezenMadrid"]
[Source "lmi"]
[SourceDate "2023.07.05"]
[SourceVersion "1"]
[SourceVersionDate "2023.07.09"]
[SourceQuality "1"]

1. Nf3 d5 2. g3 c6 3. Bg2 Bg4 4. d3 Nd7 5. Nbd2 Ngf6 6. h3 Bh5 7. O-O e5 8. e4
dxe4 9. dxe4 Bc5 10. Qe1 a5 11. Nc4 Bxf3 12. Bxf3 a4 13. Bd2 O-O 14. b4 axb3
15. axb3 b5 16. Na5 Qc7 17. b4 Be7 18. c4 bxc4 19. Nxc4 Rab8 20. Qb1 c5 21. b5
Qb7 22. Ra5 Bd8 23. Nd6 Qc7 24. Ra6 Nb6 25. Nf5 g6 26. Ne3 Qd7 27. Bc3 Re8 28.
Kh2 Qb7 29. Qa1 Bc7 30. Ra7 Qc8 31. Qa6 Bd8 32. Rd1 Qxa6 33. Rxa6 Nfd7 34. Ra7
Nf6 35. Ra6 Nfd7 36. Be2 Rb7 37. Nd5 Nc8 38. Bg4 Ndb6 39. Ba5 Rb8 40. Bxc8 1-0

[Event "42. Open Villa de Benasque 2023"]
[Site "Benasque ESP"]
[Date "2023.07.07"]
[Round "4.2"]
[White "Puranik, Abhimanyu"]
[Black "Sokolovsky, Yahli"]
[Result "1-0"]
[WhiteElo "2605"]
[BlackElo "2461"]
[PlyCount "59"]
[EventDate "2023.07.05"]
[EventType "swiss"]
[EventRounds "10"]
[EventCountry "ESP"]
[SourceTitle "AjedrezenMadrid"]
[Source "lmi"]
[SourceDate "2023.07.05"]
[SourceVersion "1"]
[SourceVersionDate "2023.07.09"]
[SourceQuality "1"]

1. c4 Nf6 2. Nc3 d6 3. d4 g6 4. Nf3 Bg7 5. g3 Bf5 6. Bg2 Ne4 7. Nh4 Nxc3 8.
bxc3 Bc8 9. O-O O-O 10. f4 e6 11. e4 e5 12. fxe5 dxe5 13. Ba3 Nc6 14. d5 Na5
15. Qa4 b6 16. c5 Re8 17. Rf2 c6 18. Bb4 Nc4 19. dxc6 Be6 20. Bf1 Qc7 21. Qa6
Na5 22. Bxa5 bxa5 23. Rb1 Rec8 24. Bc4 Bxc4 25. Qxc4 Rab8 26. Rd1 Rd8 27. Rd6
Rbc8 28. Qd5 Rf8 29. Rd7 Qxc6 30. Rfxf7 1-0

[Event "42. Open Villa de Benasque 2023"]
[Site "Benasque ESP"]
[Date "2023.07.07"]
[Round "4.3"]
[White "Huang, Qian"]
[Black "Dardha, Daniel"]
[Result "0-1"]
[WhiteElo "2422"]
[BlackElo "2600"]
[PlyCount "94"]
[EventDate "2023.07.05"]
[EventType "swiss"]
[EventRounds "10"]
[EventCountry "ESP"]
[SourceTitle "AjedrezenMadrid"]
[Source "lmi"]
[SourceDate "2023.07.05"]
[SourceVersion "1"]
[SourceVersionDate "2023.07.09"]
[SourceQuality "1"]

1. d4 Nf6 2. c4 e6 3. Nf3 h6 4. Nc3 Bb4 5. e3 Bxc3+ 6. bxc3 O-O 7. Bd3 d6 8. e4
e5 9. Nd2 Nc6 10. d5 Ne7 11. Nb3 b6 12. f3 Nh7 13. Be3 f5 14. Qc2 f4 15. Bf2
Ng6 16. O-O-O Nf6 17. Be2 Ba6 18. Kb2 Qe8 19. Nc1 Rb8 20. Ka1 Kh7 21. Qb3 Bb7
22. Nd3 Qe7 23. Qa4 a5 24. Qc2 Ba6 25. Nb2 Rfc8 26. g4 Nd7 27. h4 Nh8 28. Rb1
Nc5 29. Na4 Nf7 30. Rb5 Qd8 31. Rbb1 Nxa4 32. Qxa4 c6 33. dxc6 Qc7 34. Rb3 Qxc6
35. Qxc6 Rxc6 36. Rhb1 Bxc4 37. Bxc4 Rxc4 38. Bxb6 a4 39. Ra3 d5 40. exd5 Nd6
41. h5 Kg8 42. Ba5 Rxb1+ 43. Kxb1 e4 44. fxe4 f3 45. Bb6 Nb5 46. Kb2 Nxa3 47.
d6 Rc6 0-1

[Event "42. Open Villa de Benasque 2023"]
[Site "Benasque ESP"]
[Date "2023.07.07"]
[Round "4.4"]
[White "Forcen Esteban, Daniel"]
[Black "Marin, Mihail"]
[Result "1-0"]
[WhiteElo "2576"]
[BlackElo "2449"]
[PlyCount "75"]
[EventDate "2023.07.05"]
[EventType "swiss"]
[EventRounds "10"]
[EventCountry "ESP"]
[SourceTitle "AjedrezenMadrid"]
[Source "lmi"]
[SourceDate "2023.07.05"]
[SourceVersion "1"]
[SourceVersionDate "2023.07.09"]
[SourceQuality "1"]

1. c4 g6 2. Nc3 Bg7 3. d4 d6 4. Nf3 e5 5. dxe5 dxe5 6. Qxd8+ Kxd8 7. Be3 Be6 8.
Ng5 Bxc4 9. b3 h6 10. bxc4 hxg5 11. Rd1+ Kc8 12. Bxg5 Nd7 13. g3 Bh6 14. Ne4 f5
15. Bxh6 Nxh6 16. Ng5 Nf6 17. Bg2 Rf8 18. h4 a5 19. e4 Ra6 20. c5 f4 21. gxf4
exf4 22. O-O Nhg4 23. c6 Ne5 24. Ne6 Rh8 25. cxb7+ Kb8 26. Nxf4 Rxh4 27. Nd3
Nxd3 28. Rxd3 Rd6 29. Rxd6 cxd6 30. Rd1 Nh5 31. e5 Nf4 32. exd6 Rh8 33. d7 Rd8
34. Bf3 Ne6 35. Rd5 Nf8 36. Rxa5 Nxd7 37. Ra8+ Kc7 38. Rc8+ 1-0

[Event "42. Open Villa de Benasque 2023"]
[Site "Benasque ESP"]
[Date "2023.07.07"]
[Round "4.5"]
[White "Antoli Royo, Joaquín Miguel"]
[Black "Cheng, Bobby"]
[Result "0-1"]
[WhiteElo "2404"]
[BlackElo "2572"]
[PlyCount "84"]
[EventDate "2023.07.05"]
[EventType "swiss"]
[EventRounds "10"]
[EventCountry "ESP"]
[SourceTitle "AjedrezenMadrid"]
[Source "lmi"]
[SourceDate "2023.07.05"]
[SourceVersion "1"]
[SourceVersionDate "2023.07.09"]
[SourceQuality "1"]

1. e4 c5 2. Nf3 d6 3. c3 Nf6 4. Be2 g6 5. O-O Bg7 6. Bb5+ Nc6 7. d4 O-O 8. Re1
Qb6 9. Bxc6 Qxc6 10. d5 Qa6 11. h3 e6 12. dxe6 Bxe6 13. Bf4 Rad8 14. Qc1 Qc6
15. Bg5 Rde8 16. e5 dxe5 17. Nxe5 Qd5 18. c4 Qd6 19. Bf4 Qa6 20. Na3 Nd7 21.
Nb5 Qb6 22. Nc3 Nxe5 23. Bxe5 Bxe5 24. Rxe5 Bxc4 25. Na4 Qb4 26. Rxe8 Rxe8 27.
b3 Bd5 28. Qxc5 Qxc5 29. Nxc5 Re2 30. Nd3 Rd2 31. Ne1 Kg7 32. Nf3 Rb2 33. Ne5
h5 34. Nd3 Rd2 35. Nb4 Be4 36. Re1 Bf5 37. Re5 Rd4 38. a3 Be6 39. Rb5 b6 40.
Kh2 Rd2 41. Re5 Rxf2 42. Nc6 Kf6 0-1

[Event "42. Open Villa de Benasque 2023"]
[Site "Benasque ESP"]
[Date "2023.07.07"]
[Round "4.6"]
[White "Gopal, G.N.."]
[Black "Huang, Renjie"]
[Result "1/2-1/2"]
[WhiteElo "2571"]
[BlackElo "2445"]
[PlyCount "43"]
[EventDate "2023.07.05"]
[EventType "swiss"]
[EventRounds "10"]
[EventCountry "ESP"]
[SourceTitle "AjedrezenMadrid"]
[Source "lmi"]
[SourceDate "2023.07.05"]
[SourceVersion "1"]
[SourceVersionDate "2023.07.09"]
[SourceQuality "1"]

1. e4 c5 2. Nf3 Nc6 3. Bb5 g6 4. Bxc6 bxc6 5. O-O Bg7 6. Re1 Nh6 7. c3 O-O 8.
d4 cxd4 9. cxd4 d5 10. e5 Bg4 11. Nbd2 Qb6 12. h3 Bxf3 13. Nxf3 f6 14. exf6
exf6 15. b3 Rfe8 16. Ba3 Nf5 17. Bc5 Qc7 18. Qd3 Bf8 19. Bxf8 Kxf8 20. Qc3 Nd6
21. Rac1 Rxe1+ 22. Nxe1 1/2-1/2

[Event "42. Open Villa de Benasque 2023"]
[Site "Benasque ESP"]
[Date "2023.07.07"]
[Round "4.7"]
[White "Suárez Uriel, Adrían"]
[Black "Peralta, Fernando"]
[Result "0-1"]
[WhiteElo "2353"]
[BlackElo "2568"]
[PlyCount "92"]
[EventDate "2023.07.05"]
[EventType "swiss"]
[EventRounds "10"]
[EventCountry "ESP"]
[SourceTitle "AjedrezenMadrid"]
[Source "lmi"]
[SourceDate "2023.07.05"]
[SourceVersion "1"]
[SourceVersionDate "2023.07.09"]
[SourceQuality "1"]

1. e4 e6 2. d4 d5 3. e5 c5 4. c3 Nc6 5. Nf3 Bd7 6. Be2 Nge7 7. Na3 cxd4 8. cxd4
Nf5 9. Nc2 Be7 10. O-O O-O 11. Kh1 f6 12. g4 Nh6 13. exf6 Rxf6 14. Ne5 Rf8 15.
f4 Nf7 16. Qd3 Nd6 17. Qh3 Ne4 18. Be3 Rc8 19. Rac1 Bd6 20. a3 Qe7 21. Bd3 Na5
22. Ne1 Bxe5 23. Rxc8 Rxc8 24. dxe5 Nc4 25. b4 b6 26. Nc2 Nb2 27. Bxe4 dxe4 28.
Nd4 Nc4 29. Bc1 Qe8 30. Qg3 Bc6 31. Be3 Bd5 32. Kg1 Rd8 33. f5 exf5 34. Rxf5
Be6 35. Rf4 Bd5 36. e6 Nd6 37. Qh4 Rc8 38. e7 Bf7 39. Rf5 Nxf5 40. Nxf5 Rc6 41.
Qg5 Bg6 42. Nxg7 Kxg7 43. Bd4+ Kf7 44. b5 Re6 45. h4 Qxe7 46. Qh6 Ke8 0-1

[Event "42. Open Villa de Benasque 2023"]
[Site "Benasque ESP"]
[Date "2023.07.07"]
[Round "4.8"]
[White "Liu, Yan"]
[Black "Grabinsky, Aarón"]
[Result "1-0"]
[WhiteElo "2542"]
[BlackElo "2416"]
[PlyCount "113"]
[EventDate "2023.07.05"]
[EventType "swiss"]
[EventRounds "10"]
[EventCountry "ESP"]
[SourceTitle "AjedrezenMadrid"]
[Source "lmi"]
[SourceDate "2023.07.05"]
[SourceVersion "1"]
[SourceVersionDate "2023.07.09"]
[SourceQuality "1"]

1. c4 Nf6 2. g3 e6 3. Bg2 d5 4. Nf3 Be7 5. O-O O-O 6. b3 d4 7. e3 c5 8. Ne5
Nbd7 9. exd4 cxd4 10. Nxd7 Nxd7 11. d3 a5 12. Na3 Nc5 13. f4 Bd7 14. Nc2 Qb6
15. Ba3 Rfd8 16. Qe2 g6 17. h4 Bf8 18. h5 Bc6 19. Rae1 Bxg2 20. Kxg2 Qc6+ 21.
Kf2 b5 22. Bxc5 Qxc5 23. hxg6 hxg6 24. Qe5 b4 25. Qxc5 Bxc5 26. Re5 Rdc8 27.
Kf3 a4 28. Na1 a3 29. Nc2 Rc6 30. Rh1 Kg7 31. g4 f5 32. g5 Rh8 33. Rxh8 Kxh8
34. Kg3 Kg8 35. Ne1 Kf7 36. Nf3 Rc8 37. Re1 Re8 38. Ne5+ Kg7 39. Nd7 Bd6 40. c5
Rd8 41. cxd6 Rxd7 42. Rxe6 Kf7 43. Rf6+ Kg7 44. Kf3 Rd8 45. Ke2 Rd7 46. Kd1 Rd8
47. Re6 Rd7 48. Re8 Kf7 49. Rb8 Ke6 50. Rxb4 Rh7 51. Rxd4 Kd7 52. Kc2 Rh2+ 53.
Kc3 Rxa2 54. Kb4 Ra1 55. Ka4 Ra2 56. b4 Ra1 57. Kb3 1-0

[Event "42. Open Villa de Benasque 2023"]
[Site "Benasque ESP"]
[Date "2023.07.07"]
[Round "4.9"]
[White "Dushyant, Sharma"]
[Black "Lalit, Babu"]
[Result "0-1"]
[WhiteElo "2332"]
[BlackElo "2537"]
[PlyCount "82"]
[EventDate "2023.07.05"]
[EventType "swiss"]
[EventRounds "10"]
[EventCountry "ESP"]
[SourceTitle "AjedrezenMadrid"]
[Source "lmi"]
[SourceDate "2023.07.05"]
[SourceVersion "1"]
[SourceVersionDate "2023.07.09"]
[SourceQuality "1"]

1. e4 e5 2. Nf3 Nc6 3. Nc3 Nf6 4. Bb5 Bd6 5. d3 a6 6. Ba4 h6 7. h3 b5 8. Bb3
Na5 9. O-O O-O 10. d4 exd4 11. Qxd4 Re8 12. Re1 Bb7 13. Bd2 Nc6 14. Qd3 Ne5 15.
Nxe5 Bxe5 16. Nd5 c5 17. c4 Bxb2 18. Rab1 Bd4 19. Bc2 d6 20. Qg3 Nxd5 21. cxd5
Qf6 22. Rf1 Qg6 23. Qxg6 fxg6 24. Ba5 Rf8 25. Kh2 Be5+ 26. g3 Rf3 27. Rb3 Bxg3+
28. Kg2 Rxb3 29. axb3 Bh4 30. f4 Rc8 31. Rd1 Rf8 32. Kf3 Bg5 33. f5 gxf5 34.
exf5 Bc8 35. Kg4 Bf6 36. Kh5 Bd7 37. Bd3 Be8+ 38. Kg4 Bf7 39. Bf1 Re8 40. Bc7
Re4+ 41. Kf3 Rb4 0-1

[Event "42. Open Villa de Benasque 2023"]
[Site "Benasque ESP"]
[Date "2023.07.07"]
[Round "4.10"]
[White "Vrolijk, Liam"]
[Black "Manish, Anto Cristiano"]
[Result "1-0"]
[WhiteElo "2517"]
[BlackElo "2411"]
[PlyCount "111"]
[EventDate "2023.07.05"]
[EventType "swiss"]
[EventRounds "10"]
[EventCountry "ESP"]
[SourceTitle "AjedrezenMadrid"]
[Source "lmi"]
[SourceDate "2023.07.05"]
[SourceVersion "1"]
[SourceVersionDate "2023.07.09"]
[SourceQuality "1"]

1. d4 Nf6 2. c4 e6 3. Nf3 d5 4. g3 Be7 5. Bg2 dxc4 6. Qa4+ Bd7 7. Qxc4 Bc6 8.
O-O O-O 9. Bg5 Nbd7 10. Nc3 h6 11. Bxf6 Nxf6 12. Rfd1 a5 13. Rac1 Rc8 14. a3
Bd5 15. Nxd5 exd5 16. Qb5 Ra8 17. Qxb7 Rb8 18. Qa7 Rxb2 19. Ne5 Bd6 20. Qxa5
Rxe2 21. Bxd5 Nxd5 22. Qxd5 Bxa3 23. Qf3 Bxc1 24. Qxe2 Ba3 25. Qf3 Bd6 26. Nc4
Qa8 27. Qf5 Re8 28. Ne3 Qe4 29. Qxe4 Rxe4 30. Kg2 g6 31. Kf3 Re8 32. Rc1 Kg7
33. Rc6 Rd8 34. Ke4 Re8+ 35. Kd3 Ra8 36. Nc4 Rd8 37. Ke4 Re8+ 38. Kd5 Re2 39.
Nxd6 cxd6 40. Kxd6 Rxf2 41. d5 Rd2 42. Rc3 Kf6 43. Rf3+ Kg5 44. h3 f5 45. Kc6
Rc2+ 46. Kd7 Rh2 47. d6 Rxh3 48. Ke7 Kg4 49. Rd3 f4 50. d7 Rxg3 51. Rd4 Re3+
52. Kf6 g5 53. d8=Q Kg3 54. Kf5 f3 55. Rg4+ Kf2 56. Qd1 1-0

[Event "42. Open Villa de Benasque 2023"]
[Site "Benasque ESP"]
[Date "2023.07.08"]
[Round "5.1"]
[White "Lalit, Babu"]
[Black "Bu, Xiangzhi"]
[Result "1/2-1/2"]
[WhiteElo "2537"]
[BlackElo "2676"]
[PlyCount "106"]
[EventDate "2023.07.05"]
[EventType "swiss"]
[EventRounds "10"]
[EventCountry "ESP"]
[SourceTitle "AjedrezenMadrid"]
[Source "lmi"]
[SourceDate "2023.07.05"]
[SourceVersion "1"]
[SourceVersionDate "2023.07.09"]
[SourceQuality "1"]

1. d4 Nf6 2. Nf3 d5 3. Bf4 e6 4. e3 Bd6 5. Ne5 O-O 6. Nd2 c5 7. c3 c4 8. g4 Nc6
9. g5 Bxe5 10. dxe5 Nd7 11. Nf3 b5 12. b4 cxb3 13. axb3 Qc7 14. Bxb5 Ncxe5 15.
O-O Nxf3+ 16. Qxf3 Qb6 17. Bxd7 Bxd7 18. Be5 Bc6 19. Qf4 Qxb3 20. Bd4 Qc2 21.
Qe5 Qg6 22. h4 h5 23. Rxa7 Rxa7 24. Bxa7 Bb5 25. Ra1 Ra8 26. Kh2 Kh7 27. c4
Bxc4 28. Bd4 Rc8 29. Ra7 Bd3 30. Rc7 Rxc7 31. Qxc7 Qf5 32. Qf4 Qxf4+ 33. exf4
Kg6 34. Kg3 Be2 35. f3 f6 36. Kf2 Bd1 37. Bb2 Kf5 38. gxf6 gxf6 39. Kg3 Kg6 40.
Kf2 Kf7 41. Ke3 Ke7 42. Bc3 f5 43. Be5 Kd7 44. Bf6 Kc6 45. Be5 Kc5 46. Bf6 Kc4
47. Be5 Kb3 48. Bf6 Kc2 49. Be5 Kc1 50. Bf6 Ba4 51. Be5 Kd1 52. Bc3 Bd7 53. Ba5
Bc8 1/2-1/2

[Event "42. Open Villa de Benasque 2023"]
[Site "Benasque ESP"]
[Date "2023.07.08"]
[Round "5.2"]
[White "Gorshtein, Ido"]
[Black "Puranik, Abhimanyu"]
[Result "1/2-1/2"]
[WhiteElo "2503"]
[BlackElo "2605"]
[PlyCount "108"]
[EventDate "2023.07.05"]
[EventType "swiss"]
[EventRounds "10"]
[EventCountry "ESP"]
[SourceTitle "AjedrezenMadrid"]
[Source "lmi"]
[SourceDate "2023.07.05"]
[SourceVersion "1"]
[SourceVersionDate "2023.07.09"]
[SourceQuality "1"]

1. c4 e5 2. g3 Nf6 3. Bg2 d5 4. cxd5 Nxd5 5. Nf3 Nc6 6. O-O Nb6 7. b3 Be6 8.
Bb2 f6 9. Nc3 Qd7 10. Qc1 Bb4 11. Ne4 Bd5 12. d3 O-O 13. a3 Be7 14. Qc2 a5 15.
Ned2 Nd4 16. Nxd4 Bxg2 17. Kxg2 exd4 18. Nf3 c5 19. b4 Qd5 20. bxc5 Bxc5 21. a4
Rac8 22. Rfc1 Rfe8 23. Qd1 Rc6 24. Rab1 Nd7 25. Ba1 b6 26. Kf1 Rce6 27. Qb3
Qxb3 28. Rxb3 Rxe2 29. Rb2 Rxb2 30. Bxb2 Ne5 31. Re1 Kf7 32. Nxe5+ fxe5 33. f3
Ke6 34. f4 Kd5 35. Rxe5+ Rxe5 36. fxe5 Kxe5 37. Ke2 Kd5 38. Kd1 b5 39. axb5 a4
40. Kc2 Kd6 41. Bc1 Kc7 42. Bf4+ Kb6 43. g4 g6 44. h3 Kxb5 45. Bg5 Bd6 46. Bf6
Kc5 47. Kb2 Kd5 48. Ka2 Be5 49. Bg5 Bd6 50. Bf6 Bc5 51. Bh8 Be7 52. Bg7 Kc5 53.
Kb2 Kd5 54. Ka2 Bd6 1/2-1/2